[Event "O2C Doeberl Cup 2019"]
[Site "Canberra"]
[Date "2019.04.21"]
[Round "7.6"]
[White "Lane, Gary W"]
[Black "Johansen, Darryl K"]
[Result "1/2-1/2"]
[WhiteElo "2357"]
[BlackElo "2364"]
[Annotator "ChessBase"]
[PlyCount "98"]
[EventDate "2019.04.17"]
[EventType "swiss"]
[EventCountry "AUS"]
[SourceTitle "playchess.com"]
[Source "ChessBase"]
[SourceQuality "1"]
[TimeControl "5400+30"]

1. e4 {[%emt 0:00:00]} c5 {[%emt 0:00:00]} 2. Nf3 {[%emt 0:00:00]} d6 {[%emt 0:00:19]} 3. d4 {[%emt 0:00:00]} Nf6 {[%emt 0:00:08]} 4. Nc3 {[%emt 0:00:00]} cxd4 {[%emt 0:00:06]} 5. Nxd4 {[%emt 0:00:00]} Nc6 {[%emt 0:00:08]} 6. Bc4 {[%emt 0:01:51]} e6 {[%emt 0:00:27]} 7. Be3 {[%emt 0:00:09]} Be7 {[%emt 0:02:32]} 8. Qe2 {[%emt 0:00:29]} a6 {[%emt 0:01:06]} 9. O-O-O {[%emt 0:03:42]} Nxd4 {[%emt 0:00:10]} 10. Bxd4 {[%emt 0:02:29]} b5 {[%emt 0:00:06]} 11. Bb3 {[%emt 0:02:28]} Bb7 {[%emt 0:01:00]} 12. a3 {[%emt 0:05:54]} O-O {[%emt 0:03:19]} 13. g4 {[%emt 0:00:38]} Nd7 {[%emt 0:05:03]} 14. h4 {[%emt 0:17:00]} Rc8 {[%emt 0:04:57]} 15. g5 {[%emt 0:05:38]} e5 {[%emt 0:20:18]} 16. Be3 {[%emt 0:05:28]} Rxc3 {[%emt 0:00:30]} 17. bxc3 {[%emt 0:00:02]} Bxe4 {[%emt 0:01:15]} 18. Rhg1 {[%emt 0:05:24]} Kh8 {[%emt 0:10:51]} 19. h5 {[%emt 0:01:24]} Qa8 {[%emt 0:04:15]} 20. Qg4 {[%emt 0:08:18]} Qc6 {[%emt 0:00:37]} 21. Rg3 {[%emt 0:06:12]} d5 {[%emt 0:02:15]} 22. Kb2 {[%emt 0:07:40]} Nc5 {[%emt 0:20:13]} 23. Bxc5 {[%emt 0:08:51]} Qxc5 {[%emt 0:00:17]} 24. Ra1 {[%emt 0:00:04]} Qxf2 {[%emt 0:00:17]} 25. Rgg1 {[%emt 0:06:32]} Qc5 {[%emt 0:01:46]} 26. h6 {[%emt 0:04:13]} Rc8 {[%emt 0:02:56]} 27. hxg7+ {[%emt 0:02:21]} Kg8 {[%emt 0:01:20]} 28. Rg3 {[%emt 0:00:49]} Rc7 {[%emt 0:00:43]} 29. Qe2 {[%emt 0:05:17]} a5 {[%emt 0:03:55]} 30. a4 {[%emt 0:00:03]} b4 {[%emt 0:00:06]} 31. Qb5 {[%emt 0:00:05]} bxc3+ {[%emt 0:00:30]} 32. Kb1 {[%emt 0:00:01]} Kxg7 {[%emt 0:03:38]} 33. Qe2 {[%emt 0:01:17]} Rb7 {[%emt 0:01:26]} 34. Kc1 {[%emt 0:00:07]} Rb6 {[%emt 0:01:14]} 35. Qe1 {[%emt 0:01:04]} Rxb3 {[%emt 0:03:27]} 36. cxb3 {[%emt 0:00:28]} Qa3+ {[%emt 0:00:15]} 37. Rxa3 {[%emt 0:00:05]} Bxa3+ {[%emt 0:00:05]} 38. Kd1 {[%emt 0:00:04]} c2+ {[%emt 0:00:07]} 39. Kd2 {[%emt 0:00:08]} d4 {[%emt 0:01:27]} 40. Qxe4 {[%emt 0:01:01]} c1=Q+ {[%emt 0:00:14]} 41. Ke2 {[%emt 0:00:05]} Qb2+ {[%emt 0:01:50]} 42. Kf1 {[%emt 0:00:09]} Qc1+ {[%emt 0:00:12]} 43. Kg2 {[%emt 0:00:15]} Qd2+ {[%emt 0:00:20]} 44. Kh3 {[%emt 0:00:07]} Bd6 {[%emt 0:01:17]} 45. Qf5 {[%emt 0:00:09]} Qd1 {[%emt 0:03:31]} 46. Qf6+ {[%emt 0:02:34]} Kg8 {[%emt 0:00:01]} 47. Qxd6 {[%emt 0:00:38]} Qh1+ {[%emt 0:01:23]} 48. Kg4 {[%emt 0:00:07]} Qe4+ {[%emt 0:00:10]} 49. Kh3 {[%emt 0:00:32]} Qh1+ {[%emt 0:00:08]} 1/2-1/2

[Event "O2C Doeberl Cup 2019"]
[Site "Canberra"]
[Date "2019.04.21"]
[Round "7.7"]
[White "Mallari, Donato"]
[Black "Tao, Trevor"]
[Result "0-1"]
[WhiteElo "1994"]
[BlackElo "2364"]
[Annotator "TA"]
[PlyCount "42"]
[EventDate "2019.04.17"]
[EventType "swiss"]
[EventCountry "AUS"]
[SourceTitle "playchess.com"]
[Source "ChessBase"]
[SourceQuality "1"]

{[%evp 11,106,32,52,39,52,18,17,20,30,25,21,19,18,19,26,26,25,0,30,15,19,6,37,18,42,0,0,-65,-53,-133,-164,-192,-175,-179,-179,-185,-113,-119,-130,-203,-176,-206,-185,-202,-191,-188,-196,-208,-210,-266,-218,-284,-287,-277,-256,-266,-164,-186,-184,-175,-178,-422,-404,-779,-742,-1058,-348,-344,-330,-1110,-435,-460,-460,-444,-443,-435,-325,-460,-460,-460,-460,-423,-422,-375,-349,-5798,-5775,-5704,-5735,-5735,-5714,-5069,-4553,-5497,-5267,-1761,-1287]} 1. e4 c6 2. d4 d5 3. exd5 Qxd5 4. Nf3 Nf6 5. Nc3 Qa5 6. Bd3 Bg4 7. Bd2 {B01: Scandinavian Defence} (7. h3 Qh5 8. Be2 e6 9. Ng1 Bxe2 10. Ngxe2 Nbd7 11. Bf4 Bb4 12. O-O O-O 13. Qd3 Rad8 14. Ne4 Nxe4 15. Qxe4 {0-1 (60) Klasan,V (2378)-Savic,M (2512) Novi Banovci 2017}) 7... e6 8. Ne4 Qc7 9. h3 {The position is equal.} Bh5 10. g4 $146 (10. O-O {looks sharper.} Nbd7 11. Neg5 Bd6 12. c4 c5 13. g4) ({Predecessor:} 10. Nxf6+ gxf6 11. Qe2 Nd7 12. g4 {½-½ (23) Papp,G (1887)-Sopow,T (1834) Hungary 2013}) 10... Bg6 11. Nxf6+ gxf6 12. Qe2 Nd7 13. O-O-O O-O-O 14. h4 Kb8 15. Be3 Bxd3 16. Rxd3 Bd6 17. Kb1 Qa5 18. c4 h5 $1 {[%cal Rh5g4]} 19. Bd2 (19. c5 $11 hxg4 20. Ne1) 19... Qa6 $15 20. gxh5 (20. c5 $15 Bc7 21. g5) 20... Qxc4 $17 21. Rc1 Qd5 {Played: Qc4-b5} 0-1

[Event "O2C Doeberl Cup 2019"]
[Site "Canberra"]
[Date "2019.04.21"]
[Round "7.8"]
[White "Renjith, Sravan"]
[Black "Pirotais, Jerome"]
[Result "0-1"]
[WhiteElo "1938"]
[BlackElo "2075"]
[Annotator "NA RC"]
[PlyCount "132"]
[EventDate "2019.04.17"]
[EventType "swiss"]
[EventCountry "AUS"]
[SourceTitle "playchess.com"]
[Source "ChessBase"]
[SourceQuality "1"]
[TimeControl "5400+30"]

1. Nf3 {[%emt 0:00:00]} Nf6 {[%emt 0:00:00]} 2. g3 {[%emt 0:00:12]} g6 {[%emt 0:00:00]} 3. Bg2 {[%emt 0:00:18]} Bg7 {[%emt 0:00:00]} 4. O-O {[%emt 0:00:49]} O-O {[%emt 0:00:03]} 5. c4 {[%emt 0:00:08]} d6 {[%emt 0:00:07]} 6. Nc3 {[%emt 0:00:19]} Nc6 {[%emt 0:00:18]} 7. d3 {[%emt 0:00:52]} e5 {[%emt 0:17:38]} 8. Rb1 {[%emt 0:02:50]} Re8 {[%emt 0:22:47]} 9. Bg5 {[%emt 0:12:24]} h6 {[%emt 0:00:57] A26: English Opening vs King's Indian with ...Nc6 and d3} 10. Bxf6 {[%emt 0:00:09]} Bxf6 {[%emt 0:00:06]} 11. b4 {[%emt 0:02:13]} a6 {[%emt 0:02:19]} 12. Nd5 $146 {[%emt 0:11:10]} ({Predecessor:} 12. a4 Bg7 13. b5 axb5 14. axb5 Ne7 15. Qb3 Be6 16. Nd2 c6 17. Rfc1 d5 18. Qb4 Nf5 19. bxc6 bxc6 20. Qb6 Rc8 21. Qxd8 Rexd8 22. Na4 Bf8 23. e3 Rb8 24. Ra1 d4 {0-1 (58) Valdes Romero,L (2402)-Cuenca Jimenez,J (2483) Roquetas de Mar 2015}) 12... Bg7 {[%emt 0:00:38]} 13. a4 {[%emt 0:00:23]} e4 {[%emt 0:10:24]} 14. dxe4 {[%emt 0:12:20]} Rxe4 {[%emt 0:00:18]} 15. Nd2 {[%emt 0:01:45]} Re8 {[%emt 0:02:48]} 16. b5 {[%emt 0:00:54]} Ne7 {[%emt 0:00:36]} 17. b6 {[%emt 0:03:21]} Nxd5 {[%emt 0:09:21]} 18. cxd5 {[%emt 0:00:28]} (18. Bxd5 $11 {remains equal.} c6 19. Bxc6) 18... cxb6 {[%emt 0:05:33]} 19. Nc4 {[%emt 0:01:08]} Bf5 {[%emt 0:00:18]} 20. Rb3 {[%emt 0:00:36]} (20. e4 $1 $15 Bxe4 21. Bxe4 Rxe4 22. Nxb6) 20... Rc8 {[%emt 0:00:39]} 21. Ne3 {[%emt 0:01:31]} Bd7 {[%emt 0:03:45]} 22. Qb1 {[%emt 0:01:35]} b5 {[%emt 0:00:06]} 23. axb5 {[%emt 0:00:56]} Bxb5 {[%emt 0:00:06]} 24. Rxb5 {[%emt 0:00:27]} axb5 {[%emt 0:00:06]} 25. Qxb5 {[%emt 0:00:09]} b6 {[%emt 0:01:34]} 26. Qa4 {[%emt 0:06:05]} Rc5 {[%emt 0:04:27]} 27. Rb1 {[%emt 0:02:31]} Re7 {[%emt 0:04:17]} 28. Bf3 {[%emt 0:02:20]} Qc7 {[%emt 0:01:19]} 29. Kg2 {[%emt 0:00:17]} Kh7 {[%emt 0:01:35]} 30. Qa6 {[%emt 0:00:59] [#]} b5 $1 {[%emt 0:11:06]} 31. Rxb5 {[%emt 0:00:57]} Rxb5 {[%emt 0:00:07]} 32. Qxb5 {[%emt 0:00:07]} Bd4 {[%emt 0:00:32]} 33. Nc4 {[%emt 0:01:48]} Qc5 {[%emt 0:01:10]} 34. Qxc5 {[%emt 0:01:46]} Bxc5 {[%emt 0:00:06]} 35. Na5 {[%emt 0:01:23]} Kg7 {[%emt 0:00:55]} 36. Nc6 {[%emt 0:00:43]} Re8 {[%emt 0:00:52]} 37. h4 {[%emt 0:00:40]} f5 {[%emt 0:00:33]} 38. g4 {[%emt 0:04:33]} (38. h5 $17) 38... Kf6 {[%emt 0:00:30]} (38... fxg4 $19 39. Bxg4 Re4) 39. Kg3 {[%emt 0:00:51]} g5 {[%emt 0:01:00]} 40. hxg5+ {[%emt 0:01:04]} Kxg5 {[%emt 0:00:17]} 41. gxf5 {[%emt 0:01:41]} Kxf5 {[%emt 0:00:03]} 42. Bg4+ {[%emt 0:00:26]} Kf6 {[%emt 0:00:23]} 43. Be6 {[%emt 0:00:25]} Ra8 {[%emt 0:00:41]} 44. e3 {[%emt 0:00:32]} Ra1 {[%emt 0:00:26]} 45. Kf3 {[%emt 0:02:23]} h5 {[%emt 0:00:23]} 46. Kg3 {[%emt 0:01:51]} Kg5 {[%emt 0:00:56]} 47. f4+ {[%emt 0:01:17]} (47. Ne7 $17) 47... Kh6 {[%emt 0:00:42]} 48. Ne7 {[%emt 0:00:26]} Ra3 {[%emt 0:00:30]} 49. Nf5+ {[%emt 0:00:10]} Kg6 {[%emt 0:00:05]} 50. Kf3 {[%emt 0:00:45]} Kf6 {[%emt 0:00:09]} 51. Ke2 {[%emt 0:00:51]} h4 {[%emt 0:00:16]} 52. Nxh4 {[%emt 0:00:57]} Rxe3+ {[%emt 0:00:08]} 53. Kd2 {[%emt 0:00:12]} Re4 {[%emt 0:00:23]} 54. Ng2 {[%emt 0:00:23]} Bf2 {[%emt 0:01:15]} 55. Kd3 {[%emt 0:00:20]} Ra4 {[%emt 0:00:51]} 56. Ke2 {[%emt 0:00:39]} Bg3 {[%emt 0:00:43]} 57. f5 {[%emt 0:00:24]} Ke5 {[%emt 0:00:30]} 58. Kf3 {[%emt 0:01:54]} Ra3+ {[%emt 0:00:16]} 59. Kg4 {[%emt 0:00:48]} Bf2 {[%emt 0:00:10]} 60. f6 {[%emt 0:03:24]} Rg3+ {[%emt 0:00:22]} 61. Kh5 {[%emt 0:00:23]} Kxf6 {[%emt 0:01:26]} 62. Nf4 {[%emt 0:01:52]} Rg5+ {[%emt 0:00:02]} 63. Kh6 {[%emt 0:00:12]} Be3 {[%emt 0:00:05]} 64. Nh5+ {[%emt 0:00:41]} Ke7 {[%emt 0:00:32]} 65. Ng7 {[%emt 0:00:23]} Kf8 {[%emt 0:01:20]} 66. Nh5 {[%emt 0:00:50]} Rg7+ {[%emt 0:00:13]} 0-1

[Event "O2C Doeberl Cup 2019"]
[Site "Canberra"]
[Date "2019.04.21"]
[Round "8.1"]
[White "Sengupta, Deep"]
[Black "Melkumyan, Hrant"]
[Result "0-1"]
[WhiteElo "2551"]
[BlackElo "2658"]
[Annotator "ChessBase"]
[PlyCount "126"]
[EventDate "2019.04.17"]
[EventType "swiss"]
[EventCountry "AUS"]
[SourceTitle "playchess.com"]
[Source "ChessBase"]
[SourceQuality "1"]
[TimeControl "5400+30"]

1. e4 {[%emt 0:00:00]} e5 {[%emt 0:09:07]} 2. Nf3 {[%emt 0:00:00]} Nc6 {[%emt 0:00:18]} 3. Bb5 {[%emt 0:00:00]} Nf6 {[%emt 0:00:20]} 4. O-O {[%emt 0:00:10]} Nxe4 {[%emt 0:00:28]} 5. Re1 {[%emt 0:00:08]} Nd6 {[%emt 0:00:17]} 6. Nxe5 {[%emt 0:00:06]} Be7 {[%emt 0:00:11]} 7. Bf1 {[%emt 0:00:06]} Nxe5 {[%emt 0:01:37]} 8. Rxe5 {[%emt 0:00:08]} O-O {[%emt 0:00:10]} 9. d4 {[%emt 0:00:04]} Bf6 {[%emt 0:00:26]} 10. Re1 {[%emt 0:00:06]} Re8 {[%emt 0:00:20]} 11. Bf4 {[%emt 0:00:44]} Rxe1 {[%emt 0:02:51]} 12. Qxe1 {[%emt 0:00:04]} Ne8 {[%emt 0:02:39]} 13. Nc3 {[%emt 0:00:12]} Bxd4 {[%emt 0:01:45]} 14. Nd5 {[%emt 0:00:05]} c6 {[%emt 0:01:12]} 15. Ne7+ {[%emt 0:00:06]} Kf8 {[%emt 0:00:11]} 16. Nxc8 {[%emt 0:00:06]} Qf6 {[%emt 0:00:28]} 17. Qb4+ {[%emt 0:00:10]} c5 {[%emt 0:00:35]} 18. Qd2 {[%emt 0:00:05]} Rxc8 {[%emt 0:00:19]} 19. Re1 {[%emt 0:00:07]} g5 {[%emt 0:06:07]} 20. Bg3 {[%emt 0:18:11]} d6 {[%emt 0:03:46]} 21. c3 {[%emt 0:01:02]} Be5 {[%emt 0:00:09]} 22. Bxe5 {[%emt 0:01:27]} dxe5 {[%emt 0:01:21]} 23. Qd5 {[%emt 0:00:16]} b6 {[%emt 0:01:14]} 24. Qxe5 {[%emt 0:00:31]} Qxe5 {[%emt 0:03:28]} 25. Rxe5 {[%emt 0:00:12]} h6 {[%emt 0:06:03]} 26. f4 {[%emt 0:08:47]} gxf4 {[%emt 0:02:21]} 27. Kf2 {[%emt 0:13:10]} Rd8 {[%emt 0:01:32]} 28. Kf3 {[%emt 0:00:06]} Rd2 {[%emt 0:10:24]} 29. Re2 {[%emt 0:00:21]} Rd1 {[%emt 0:00:54]} 30. Rf2 {[%emt 0:00:08]} Nd6 {[%emt 0:04:27]} 31. Kxf4 {[%emt 0:00:33]} Re1 {[%emt 0:01:03]} 32. Bd3 {[%emt 0:03:33]} c4 {[%emt 0:03:57]} 33. Be2 {[%emt 0:01:13]} Ke7 {[%emt 0:11:02]} 34. Bf3 {[%emt 0:02:38]} Kf6 {[%emt 0:00:56]} 35. Rd2 {[%emt 0:04:16]} Nf5 {[%emt 0:02:31]} 36. Rd1 {[%emt 0:07:05]} Re7 {[%emt 0:02:39]} 37. Rf1 {[%emt 0:19:41]} Re5 {[%emt 0:04:08]} 38. Rf2 {[%emt 0:03:52]} Ne7 {[%emt 0:02:41]} 39. Kg4 {[%emt 0:03:54]} h5+ {[%emt 0:01:30]} 40. Kh3 {[%emt 0:00:02]} Kg5 {[%emt 0:00:56]} 41. g3 {[%emt 0:02:28]} Ng6 {[%emt 0:01:22]} 42. Rd2 {[%emt 0:02:52]} f5 {[%emt 0:01:48]} 43. Bd5 {[%emt 0:03:13]} Re3 {[%emt 0:02:04]} 44. Kg2 {[%emt 0:03:44]} Ne5 {[%emt 0:00:03]} 45. Bg8 {[%emt 0:01:17]} b5 {[%emt 0:01:54]} 46. Rd5 {[%emt 0:03:26]} a6 {[%emt 0:00:09]} 47. b3 {[%emt 0:01:38]} Ng4 {[%emt 0:04:03]} 48. h4+ {[%emt 0:00:39]} Kf6 {[%emt 0:00:02]} 49. bxc4 {[%emt 0:01:02]} Rxc3 {[%emt 0:01:18]} 50. Rd6+ {[%emt 0:00:07]} Kg7 {[%emt 0:00:26]} 51. Be6 {[%emt 0:00:09]} bxc4 {[%emt 0:00:22]} 52. Rxa6 {[%emt 0:00:25]} Rc2+ {[%emt 0:00:16]} 53. Kf1 {[%emt 0:00:04]} Ne3+ {[%emt 0:03:28]} 54. Ke1 {[%emt 0:00:01]} Ng2+ {[%emt 0:00:37]} 55. Kd1 {[%emt 0:00:07]} Ne3+ {[%emt 0:00:02]} 56. Ke1 {[%emt 0:00:03]} Rg2 {[%emt 0:00:21]} 57. Rc6 {[%emt 0:01:22]} Nc2+ {[%emt 0:00:02]} 58. Kf1 {[%emt 0:00:09]} Ne3+ {[%emt 0:00:14]} 59. Ke1 {[%emt 0:00:01]} Rxg3 {[%emt 0:01:09]} 60. Bxc4 {[%emt 0:02:08]} f4 {[%emt 0:00:02]} 61. Bb5 {[%emt 0:01:26]} Rg2 {[%emt 0:00:42]} 62. Rc5 {[%emt 0:00:12]} Rxa2 {[%emt 0:01:27]} 63. Be2 {[%emt 0:00:28]} f3 0-1

[Event "O2C Doeberl Cup 2019"]
[Site "Canberra"]
[Date "2019.04.21"]
[Round "8.2"]
[White "Tao, Trevor"]
[Black "Song, Raymond"]
[Result "0-1"]
[WhiteElo "2364"]
[BlackElo "2329"]
[Annotator "ChessBase"]
[PlyCount "68"]
[EventDate "2019.04.17"]
[EventType "swiss"]
[EventCountry "AUS"]
[SourceTitle "playchess.com"]
[Source "ChessBase"]
[SourceQuality "1"]
[TimeControl "5400+30"]

1. c4 {[%emt 0:00:00]} Nf6 {[%emt 0:00:00]} 2. Nc3 {[%emt 0:00:00]} e6 {[%emt 0:00:00]} 3. e3 {[%emt 0:00:00]} d5 {[%emt 0:00:00]} 4. Nf3 {[%emt 0:00:01]} b6 {[%emt 0:00:00]} 5. d4 {[%emt 0:00:52]} Bb7 {[%emt 0:00:00]} 6. Bd3 {[%emt 0:01:03]} Bd6 {[%emt 0:00:24]} 7. O-O {[%emt 0:00:16]} O-O {[%emt 0:00:03]} 8. b3 {[%emt 0:06:17]} Nbd7 {[%emt 0:00:05]} 9. Bb2 {[%emt 0:01:26]} a6 {[%emt 0:00:16]} 10. a3 {[%emt 0:02:19]} c5 {[%emt 0:00:41]} 11. Qe2 {[%emt 0:01:07]} Ne4 {[%emt 0:01:43]} 12. Rfd1 {[%emt 0:03:43]} Qe7 {[%emt 0:00:24]} 13. a4 {[%emt 0:00:03]} Rfc8 {[%emt 0:05:28]} 14. a5 {[%emt 0:06:08]} bxa5 {[%emt 0:04:29]} 15. cxd5 {[%emt 0:01:57]} exd5 {[%emt 0:01:57]} 16. Na4 {[%emt 0:00:25]} Bc6 {[%emt 0:07:07]} 17. dxc5 {[%emt 0:01:40]} Nexc5 {[%emt 0:00:41]} 18. Nxc5 {[%emt 0:00:12]} Nxc5 {[%emt 0:00:19]} 19. Nd4 {[%emt 0:00:15]} g6 {[%emt 0:07:21]} 20. g3 {[%emt 0:11:50]} Bd7 {[%emt 0:05:50]} 21. Rxa5 {[%emt 0:00:46]} h5 {[%emt 0:01:17]} 22. Qf1 {[%emt 0:02:17]} h4 {[%emt 0:04:02]} 23. Be2 {[%emt 0:01:10]} Bc7 {[%emt 0:03:06]} 24. Raa1 {[%emt 0:00:42]} Ne4 {[%emt 0:00:06]} 25. Bxa6 {[%emt 0:01:57]} hxg3 {[%emt 0:07:23]} 26. hxg3 {[%emt 0:00:45]} Qg5 {[%emt 0:03:13]} 27. Re1 {[%emt 0:06:16]} Rxa6 {[%emt 0:03:51]} 28. Rxa6 {[%emt 0:00:05]} Bxg3 {[%emt 0:00:17]} 29. fxg3 {[%emt 0:05:05]} Qxg3+ {[%emt 0:00:03]} 30. Kh1 {[%emt 0:00:04]} Nf2+ {[%emt 0:00:53]} 31. Qxf2 {[%emt 0:00:05]} Qxf2 {[%emt 0:00:04]} 32. Re2 {[%emt 0:00:02]} Qf1+ {[%emt 0:00:22]} 33. Kh2 {[%emt 0:00:02]} Bg4 {[%emt 0:00:35]} 34. Rg2 {[%emt 0:00:09]} Qxa6 {[%emt 0:00:05]} 0-1

[Event "O2C Doeberl Cup 2019"]
[Site "Canberra"]
[Date "2019.04.21"]
[Round "8.3"]
[White "Kunte, Abhijit"]
[Black "Ikeda, Junta"]
[Result "1-0"]
[WhiteElo "2485"]
[BlackElo "2441"]
[Annotator "ChessBase"]
[PlyCount "109"]
[EventDate "2019.04.17"]
[EventType "swiss"]
[EventCountry "AUS"]
[SourceTitle "playchess.com"]
[Source "ChessBase"]
[SourceQuality "1"]
[TimeControl "5400+30"]

1. d4 {[%emt 0:07:37]} f5 {[%emt 0:00:00]} 2. Bf4 {[%emt 0:00:28]} Nf6 {[%emt 0:00:22]} 3. e3 {[%emt 0:00:10]} d6 {[%emt 0:03:08]} 4. Nc3 {[%emt 0:00:21]} e6 {[%emt 0:02:52]} 5. Bd3 {[%emt 0:03:53]} Nc6 {[%emt 0:03:10]} 6. Nf3 {[%emt 0:00:18]} Qe7 {[%emt 0:07:18]} 7. e4 {[%emt 0:01:25]} fxe4 {[%emt 0:01:12]} 8. Nxe4 {[%emt 0:00:07]} Bd7 {[%emt 0:04:03]} 9. O-O {[%emt 0:01:41]} O-O-O {[%emt 0:00:00]} 10. c4 {[%emt 0:02:57]} e5 {[%emt 0:01:16]} 11. Bg3 {[%emt 0:08:38]} Bg4 {[%emt 0:02:55]} 12. Ned2 {[%emt 0:00:40]} Nxd4 {[%emt 0:03:38]} 13. Re1 {[%emt 0:02:40]} Kb8 {[%emt 0:13:07]} 14. c5 {[%emt 0:00:10]} dxc5 {[%emt 0:11:39]} 15. Bxe5 {[%emt 0:06:03]} Nxf3+ {[%emt 0:06:08]} 16. Nxf3 {[%emt 0:00:08]} Qd7 {[%emt 0:07:44]} 17. Be2 {[%emt 0:04:17]} Bd6 {[%emt 0:02:28]} 18. Qb3 {[%emt 0:03:09]} Be6 {[%emt 0:01:57]} 19. Qc2 {[%emt 0:01:41]} Rhe8 {[%emt 0:06:57]} 20. Rad1 {[%emt 0:00:15]} Bf5 {[%emt 0:04:57]} 21. Qb3 {[%emt 0:01:33]} Be6 {[%emt 0:02:22]} 22. Qc2 {[%emt 0:00:07]} Qc6 {[%emt 0:03:14]} 23. Bxf6 gxf6 {[%emt 0:00:06]} 24. Bc4 {[%emt 0:12:17]} Bg4 {[%emt 0:05:41]} 25. Rxe8 Qxe8 {[%emt 0:01:10]} 26. Qb3 {[%emt 0:06:37]} Qh5 {[%emt 0:01:37]} 27. Rd5 {[%emt 0:02:36]} Qh6 {[%emt 0:01:36]} 28. g3 {[%emt 0:01:32]} Qg6 {[%emt 0:02:31]} 29. Rd1 {[%emt 0:01:14]} Qe4 {[%emt 0:00:44]} 30. Rd3 {[%emt 0:01:13]} Re8 {[%emt 0:00:30]} 31. Kg2 {[%emt 0:01:38]} Qf5 {[%emt 0:00:21]} 32. Bd5 {[%emt 0:02:27]} Bh3+ {[%emt 0:00:12]} 33. Kg1 {[%emt 0:00:06]} b6 {[%emt 0:00:44]} 34. Qb5 {[%emt 0:00:24]} Rd8 {[%emt 0:00:47]} 35. Qc6 {[%emt 0:01:02]} Kc8 {[%emt 0:00:14]} 36. Re3 {[%emt 0:00:28]} Be5 {[%emt 0:00:33]} 37. Qb7+ {[%emt 0:13:37]} Kd7 {[%emt 0:00:03]} 38. Be4 {[%emt 0:00:08]} Qe6 {[%emt 0:01:11]} 39. Nxe5+ {[%emt 0:01:21]} fxe5 {[%emt 0:00:15]} 40. Rd3+ {[%emt 0:00:19]} Ke7 {[%emt 0:00:26]} 41. Qxc7+ {[%emt 0:00:11]} Rd7 {[%emt 0:00:12]} 42. Rxd7+ {[%emt 0:00:20]} Qxd7 {[%emt 0:00:04]} 43. Qxe5+ {[%emt 0:00:08]} Qe6 {[%emt 0:00:31]} 44. Qxe6+ {[%emt 0:00:35]} Bxe6 {[%emt 0:00:11]} 45. a3 {[%emt 0:00:04]} h6 {[%emt 0:00:18]} 46. f4 {[%emt 0:00:07]} a5 {[%emt 0:01:54]} 47. Kf2 {[%emt 0:00:12]} b5 {[%emt 0:00:12]} 48. Ke3 {[%emt 0:00:11]} b4 {[%emt 0:00:50]} 49. f5 {[%emt 0:03:51]} Ba2 {[%emt 0:00:10]} 50. g4 {[%emt 0:00:52]} Kf6 51. h4 {[%emt 0:00:30]} c4 52. axb4 {[%emt 0:00:30]} axb4 53. Kf4 {[%emt 0:00:30]} c3 54. bxc3 {[%emt 0:00:30]} b3 55. Bd5 {[%emt 0:00:30]} 1-0

[Event "O2C Doeberl Cup 2019"]
[Site "Canberra"]
[Date "2019.04.21"]
[Round "8.4"]
[White "Smirnov, Anton"]
[Black "Padmini, Rout"]
[Result "1-0"]
[WhiteElo "2567"]
[BlackElo "2364"]
[Annotator "ChessBase"]
[PlyCount "139"]
[EventDate "2019.04.17"]
[EventType "swiss"]
[EventCountry "AUS"]
[SourceTitle "playchess.com"]
[Source "ChessBase"]
[SourceQuality "1"]
[TimeControl "5400+30"]

1. d4 {[%emt 0:02:48]} Nf6 {[%emt 0:00:00]} 2. c4 {[%emt 0:00:09]} e6 {[%emt 0:00:00]} 3. Nf3 {[%emt 0:00:04]} d5 {[%emt 0:00:04]} 4. Nc3 {[%emt 0:00:33]} c5 {[%emt 0:00:25]} 5. cxd5 {[%emt 0:01:20]} Nxd5 {[%emt 0:00:12]} 6. e4 {[%emt 0:00:05]} Nxc3 {[%emt 0:00:09]} 7. bxc3 {[%emt 0:00:03]} cxd4 {[%emt 0:00:06]} 8. cxd4 {[%emt 0:00:08]} Bb4+ {[%emt 0:00:08]} 9. Bd2 {[%emt 0:00:04]} Bxd2+ {[%emt 0:00:06]} 10. Qxd2 {[%emt 0:00:05]} O-O {[%emt 0:00:11]} 11. Rc1 {[%emt 0:00:07]} b6 {[%emt 0:00:59]} 12. Bd3 {[%emt 0:00:17]} Bb7 {[%emt 0:00:22]} 13. O-O {[%emt 0:00:08]} Nd7 {[%emt 0:00:24]} 14. Qe3 {[%emt 0:00:59]} Nf6 {[%emt 0:06:21]} 15. Ne5 {[%emt 0:02:00]} Qe7 {[%emt 0:06:28]} 16. f3 {[%emt 0:11:36]} Rfc8 {[%emt 0:01:03]} 17. Be2 {[%emt 0:07:28]} h6 {[%emt 0:07:10]} 18. Rfd1 {[%emt 0:01:41]} Rxc1 {[%emt 0:08:50]} 19. Rxc1 {[%emt 0:00:33]} Rc8 {[%emt 0:01:06]} 20. Rxc8+ {[%emt 0:00:08]} Bxc8 {[%emt 0:00:11]} 21. Qc3 {[%emt 0:02:22]} Bb7 {[%emt 0:00:36]} 22. Bb5 {[%emt 0:08:32]} a6 {[%emt 0:03:48]} 23. Bf1 {[%emt 0:02:00]} b5 {[%emt 0:09:29]} 24. Nd3 {[%emt 0:01:39]} Qd8 {[%emt 0:00:57]} 25. Qc5 {[%emt 0:08:20]} Nd7 {[%emt 0:03:26]} 26. Qd6 {[%emt 0:03:48]} Qc8 {[%emt 0:03:50]} 27. h4 {[%emt 0:09:55]} g6 {[%emt 0:10:06]} 28. Be2 {[%emt 0:04:50]} h5 {[%emt 0:02:12]} 29. Kf2 {[%emt 0:01:11]} a5 {[%emt 0:06:09]} 30. Ne5 Nxe5 {[%emt 0:01:45]} 31. Qxe5 {[%emt 0:03:22]} Bc6 {[%emt 0:00:56]} 32. Qc5 {[%emt 0:06:00]} Qb7 {[%emt 0:02:35]} 33. Ke3 {[%emt 0:00:38]} f6 {[%emt 0:01:32]} 34. Bd3 {[%emt 0:01:00]} Kf7 {[%emt 0:00:44]} 35. g4 {[%emt 0:05:07]} hxg4 {[%emt 0:01:57]} 36. fxg4 {[%emt 0:00:01]} Be8 {[%emt 0:00:33]} 37. h5 {[%emt 0:04:33]} gxh5 {[%emt 0:00:25]} 38. Qxh5+ {[%emt 0:01:03]} Ke7 {[%emt 0:00:21]} 39. Qc5+ {[%emt 0:02:02]} Kf7 {[%emt 0:00:45]} 40. Qh5+ {[%emt 0:00:04]} Ke7 {[%emt 0:00:04]} 41. Qh7+ {[%emt 0:01:09]} Bf7 {[%emt 0:00:06]} 42. g5 {[%emt 0:01:18]} fxg5 {[%emt 0:03:24]} 43. Qg7 {[%emt 0:00:01]} Qc7 {[%emt 0:01:13]} 44. Qxg5+ {[%emt 0:00:05]} Kf8 {[%emt 0:00:04]} 45. Qh6+ {[%emt 0:06:59]} Ke7 {[%emt 0:02:38]} 46. Qg5+ {[%emt 0:00:32]} Kf8 {[%emt 0:00:04]} 47. Qc5+ {[%emt 0:00:05]} Qxc5 {[%emt 0:00:10]} 48. dxc5 {[%emt 0:00:02]} b4 {[%emt 0:11:51]} 49. c6 {[%emt 0:01:11]} Ke7 {[%emt 0:00:34]} 50. e5 {[%emt 0:00:02]} Kd8 {[%emt 0:01:01]} 51. Kd4 {[%emt 0:00:27]} Kc7 {[%emt 0:00:04]} 52. Kc5 {[%emt 0:00:03]} Bh5 {[%emt 0:02:10]} 53. Bc4 {[%emt 0:00:44]} Bd1 {[%emt 0:05:07]} 54. Bxe6 {[%emt 0:00:56]} a4 {[%emt 0:00:03]} 55. Kxb4 {[%emt 0:00:06]} Kxc6 {[%emt 0:00:03]} 56. a3 {[%emt 0:01:29]} Kc7 {[%emt 0:01:34]} 57. Kc5 {[%emt 0:00:03]} Bb3 {[%emt 0:00:59]} 58. Bg4 {[%emt 0:00:18]} Ba2 {[%emt 0:00:40]} 59. e6 {[%emt 0:00:50]} Bb3 {[%emt 0:00:03]} 60. e7 {[%emt 0:00:32]} Bf7 {[%emt 0:00:09]} 61. Be6 {[%emt 0:00:06]} Be8 {[%emt 0:00:14]} 62. Kd5 {[%emt 0:00:07]} Bc6+ {[%emt 0:00:12]} 63. Ke5 {[%emt 0:00:01]} Be8 {[%emt 0:00:07]} 64. Bf5 {[%emt 0:00:33]} Kc6 {[%emt 0:00:53]} 65. Kf6 {[%emt 0:00:22]} Kd6 {[%emt 0:00:07]} 66. Be6 {[%emt 0:00:05]} Kc6 {[%emt 0:00:35]} 67. Kg7 {[%emt 0:00:46]} Kd6 {[%emt 0:01:18]} 68. Kf8 {[%emt 0:00:02]} Bb5 {[%emt 0:00:13]} 69. Bf7 {[%emt 0:00:03]} Kc5 {[%emt 0:00:49]} 70. Be8 {[%emt 0:00:06]} 1-0